LEADER 01037nas a2200229 i 4500 001 000000129997 003 CaOOAMICUS 005 20071114000000.0 008 071114b2005 it uu u0 0ita r 013 $a102730 040 $aSeMil$bita 245 13$aLa 'Famiglia Beato Angelico' :$bla passione di Mons. Polvara. 260 $aMilano :$bScuola Beato Angelico,$cstampa 2005. 300 $a71 p., [16] p. di tav. ;$c21 cm. 650 4$aFamiglia Beato Angelico .$0(OLS)http://semarc/subject/25674 700 1 $aPolvara, Giuseppe .$0(OLS)http://semarc/name/3398 773 0 $tArte Cristiana.$dMilano : Scuola Beato Angelico, 1913.$x0004-3400$w()1923 850 $aSeMil 852 $aSeMil$W1$xVenegono$y1$m212 5 32/A$j84080$B84080$CSeMilBibl$Z2$F87585 $85 961 $aOmaggio: Scuola Beato Angelico 996 $6245$aLa 'Famiglia Beato Angelico' :$bla passione di Mons. Polvara$9(OLS)http://semarc/title/191636 996 $6260$aMilano :$bScuola Beato Angelico$9(OLS)http://semarc/publisher/30388 LEADER 00869nam a2200193 i 4500 001 000000182981 003 CaOOAMICUS 005 20091103000000.0 008 091103s1972 gw u000 u ger u 013 $a160942 040 $aSeMil$bita 245 14$aDie Theologie des dreieinigen Gottes ; Die Kosmologie der Offenbarung. 260 $aMünchen [etc.] :$bF. Schöningh,$c1972. 300 $aXXII, 391 p. ;$c24 cm. 773 0 $aSchnell, Herman <1850-1906>$tKatholische Dogmatik.$bKritische Ausgabe.$dMünchen [etc.] : F. Schöningh, 1968-1972.$gBd.2$w()22343 850 $aSeMil 852 $aSeMil$W1$xVenegono$y1$m2B V 113$j133685$B133685$CSeMilBibl$Z2$F145434 $81 996 $6245$aDie Theologie des dreieinigen Gottes ; Die Kosmologie der Offenbarung$9(OLS)http://semarc/title/262607 996 $6260$aMünchen [etc.] :$bF. Schöningh$9(OLS)http://semarc/publisher/31674